000 00964 a2200229 4500
005 20081103113219.0
008 081103t xxu||||| |||| 00| 0 تدر d
010 _aUR-7292
020 _a8187113982
_c350.00
035 _aU-5847
037 _bD.B.Act/pub
082 _a954.083
245 _aسر گزشت دھلی مرتبہ درخشا ں تا جور
_cمر تبہ در خشاں تا جور
246 _aSarguzasht-e-Delhi
_b edited by Darakshan Tajwar
260 _aرام پور
_bرضا لا يبر يری
_c2007
270 _aرام پور رضا لا يبريری
_bرامپور
_e244901
300 _a399 ص
_bپکچر
_c22cm/ سہ جلد
650 _aتا ر يخ
700 _aصد يقی وقار الحسن
942 _adpl
_cUR
_2ddc
_h954.083
_mسر گ
999 _c1990
_d1990